[Event "Linares"]
[Site "Linares"]
[Date "1994.??.??"]
[Round "?"]
[White "Anand, Viswanathan"]
[Black "Bareev, Evgeny"]
[Result "1/2-1/2"]
[WhiteElo "2715"]
[BlackElo "2685"]
[Annotator "Anand,V"]
[PlyCount "64"]
[EventDate "1994.??.??"]

{60/276} 1. e4 1... e6 2. d4 d5 3. Nc3 Nf6 4. e5 Nfd7 5. f4 (5. Nce2 {
- 60/(276)}) 5... c5 6. Nf3 Nc6 7. Be3 Qb6 8. Na4 Qa5+ 9. c3 c4 10. b4 Qc7 11.
Be2 Be7 12. O-O f5 13. Bf2 $6 {N} (13. g4 fxg4 14. Ng5 Nf8 15. Bxg4 h6 16. Nh3
16... b6 $1) (13. Ng5 {- 58/318}) (13. Nb2 $1 {a4, Qc2, Nd1-f2}) 13... b6 $1
14. Nb2 Nf8 15. Bh4 $2 (15. a4) 15... a5 $1 16. b5 16... Ng6 $1 17. Bg3 $8 (17.
bxc6 17... Bxh4 $1 (17... Nxh4 18. Nxh4 Bxh4 19. Bxc4 $1 $16) 18. Nxh4 18...
Nxh4 $17) (17. Bxe7 Ncxe7 18. g3 18... a4 $1 19. Nxa4 Bd7 20. Nb2 20... Ra3 $1
$15) 17... Nd8 {a4} 18. a4 $1 $11 18... Nf7 (18... h5 19. Ng5 $1 19... h4 20.
Bh5) 19. Nd2 (19. Qd2 19... h5 $5 20. h4 $11) 19... Bb7 20. h3 Nf8 21. Bh2 g5
22. Bh5 Ng6 (22... gxf4 23. Bxf7+ Kxf7 24. Qh5+ Ng6 25. Bxf4 25... Rag8 {
Ke8-d7 Bareev,E}) 23. g3 (23. g4 23... Nh6 $1 (23... gxf4 24. gxf5 24... exf5
$14) 24. fxg5 Bxg5) 23... Rg8 24. Kh1 O-O-O 25. Qe2 Bf8 26. Nd1 Bh6 27. Ne3
27... Qe7 {28... gf4 29. gf4 Qh4} 28. Ng2 $1 28... gxf4 29. gxf4 Rg7 30. Nf3
Rdg8 31. Rg1 Nf8 32. Qf2 Nh8 (32... Nh8 33. Qh4 $1) 1/2-1/2

[Event "Linares"]
[Site "Linares"]
[Date "1994.??.??"]
[Round "?"]
[White "Anand, Viswanathan"]
[Black "Beliavsky, Alexander G"]
[Result "1-0"]
[WhiteElo "2715"]
[BlackElo "2650"]
[Annotator "Anand,V"]
[PlyCount "77"]
[EventDate "1994.??.??"]

{60/220} 1. e4 1... c5 2. Nf3 d6 3. d4 cxd4 4. Nxd4 Nf6 5. Nc3 Nc6 6. Bg5 e6 7.
Qd2 Be7 8. O-O-O O-O 9. f4 Nxd4 10. Qxd4 Qa5 11. Bc4 Bd7 12. e5 dxe5 13. fxe5
Bc6 14. Bd2 Nd7 15. Nd5 Qd8 16. Nxe7+ Qxe7 17. Rhe1 Rfc8 18. Bf1 18... a6 $5 {N
} (18... Qc5 {- 37/217}) 19. Bb4 Qd8 (19... Qg5+ 20. Kb1 {Bd6}) 20. Kb1 20...
b5 $5 21. Qf4 $6 (21. Bd6 Bd5 22. Re3 Qg5 23. Rg3 Qh5 24. Qg4 $1 24... Qxg4 25.
Rxg4 $14) 21... Bd5 22. Bd3 $6 (22. Re3 $6 22... Qc7 $1 23. Rd2 f6 24. Bd6 fxe5
25. Bxc7 (25. Bxe5 Nxe5 26. Qxe5 (26. Rxe5 Rf8) 26... Qa5) 25... exf4 26. Bxf4
26... Rf8 $1 27. Rf2 e5 28. Bg3 Rxf2 29. Bxf2 Rf8) (22. Rd2) 22... Nc5 $1 23.
Bxc5 23... Rxc5 $11 24. Re3 24... f5 $6 (24... g6 $1 25. Rf1 25... Qf8 {Qg7 e5}
) 25. exf6 Qxf6 26. Qb4 $1 $14 {a6, e6} 26... Rac8 27. b3 $1 (27. Rf1 27...
Rxc2 $1) 27... R5c7 (27... Qf2 $5 28. Re2 Qf6) 28. Rf1 Qe7 29. Qf4 $1 29... g6
(29... Rf8 $2 30. Qxf8+ Qxf8 31. Bxh7+ $18) 30. Qg3 Qg7 31. h4 Kh8 (31... Bc4
32. bxc4 (32. Bxc4 bxc4 33. Qg4 $16) 32... bxc4 33. Be4 Rb8+ 34. Kc1 Qa1+ 35.
Kd2 Qxf1 36. Qxc7 Qf2+ 37. Re2 Qd4+ 38. Bd3 $1) 32. Re2 Rf7 33. Rxf7 Qxf7 34.
Rf2 $16 34... Qc7 35. Qg5 Qc3 36. Rf1 Qg7 37. h5 gxh5 (37... h6 38. Qxg6 Qxg6
39. hxg6 Bxg2 40. Rf7 $16) 38. Qxh5 38... h6 $2 39. Rf7 1-0

[Event "Linares"]
[Site "Linares"]
[Date "1994.??.??"]
[Round "?"]
[White "Anand, Viswanathan"]
[Black "Gelfand, Boris"]
[Result "1/2-1/2"]
[WhiteElo "2715"]
[BlackElo "2685"]
[Annotator "Gelfand,B"]
[PlyCount "88"]
[EventDate "1994.??.??"]

{60/238} 1. e4 1... c5 2. Nf3 d6 3. d4 cxd4 4. Nxd4 Nf6 5. Nc3 a6 6. Be3 e6 7.
f3 b5 8. g4 h6 9. h4 b4 10. Nce2 e5 11. Nb3 11... Be6 {N} (11... d5 12. Ng3
12... Be6 $1 {- 11... Be6} (12... d4 {- 59/(262)})) 12. Ng3 (12. Rg1 $5) 12...
d5 13. Bd3 (13. Nc5 Bxc5 14. Bxc5 14... Qa5 $11) (13. exd5 Nxd5 14. Bf2 14...
Qc7 $5 {Nd7=}) 13... Nbd7 14. Qe2 (14. g5 hxg5 15. hxg5 Rxh1+ 16. Nxh1 16...
dxe4 $1 $15) (14. Rg1 14... dxe4 $5 15. Nxe4 Nd5 16. Bf2 16... Nf4 $11) 14...
a5 15. Rg1 a4 (15... d4 16. Bf2 {- 59/(262)}) 16. Nd2 Qc7 (16... d4 17. Bf2 {
- 51/217}) 17. g5 hxg5 18. hxg5 18... dxe4 $1 19. gxf6 $6 (19. fxe4 $6 19...
Ng4 20. Nf5 Nxe3 (20... Bxf5 21. exf5 Nxe3 22. Qxe3 Bc5 23. Qf3) 21. Nxe3 21...
Bc5 $15) (19. Bc4 $6 19... Nd5 20. Bxd5 Bxd5 21. fxe4 21... Be6 $15) (19. Ndxe4
Nd5 20. Bb5 20... a3 $1 21. b3 21... Nc3 $36) (19. Ngxe4 Nd5 20. Nc4 (20. Bc4
$4 20... Nxe3 $19) (20. g6 20... f6 $1 $15 (20... f5 21. Ng5)) 20... Nc5 $5 21.
Bxc5 Bxc5 22. Nxc5 Qxc5 23. Qf2 (23. O-O-O Nf4 24. Qxe5 Nxd3+ 25. cxd3 Qxe5 26.
Nxe5 26... Bxa2 $17) 23... Qxf2+ 24. Kxf2 24... Nf4 $1 25. Ke3 $1 $11) 19...
exd3 20. fxg7 Bxg7 21. Qxd3 (21. cxd3 21... Qc2 $5 (21... a3 $15)) 21... a3 $1
(21... e4 $6 22. Ngxe4 Bxb2 23. Bd4 $1 $36) 22. b3 (22. Qe4 $2 22... axb2 $1
23. Qxa8+ 23... Ke7 $19) 22... e4 $1 23. Qxe4 23... Ra5 $1 24. Rd1 $8 (24. Bd4
$2 24... Re5 $3 25. Bxe5 25... Bxe5 $19) 24... Bc3 $5 (24... Re5 25. Qd4 (25.
Qd3 Bh6 26. Nge4 Bxe3 27. Qxe3 f5 28. f4 Rxe4 29. Nxe4 29... fxe4 $15) 25... f5
$5 (25... Qxc2 26. Nge4 Rg5 27. Qxb4 Rxg1+ 28. Bxg1 Rh1 29. Ke2 $16) (25... Bh6
26. Ngf1 Qc3 27. Qxc3 bxc3 28. Ne4 Bxe3 29. Nxe3 f5 30. Nd6+ Ke7 31. Kf2) (
25... Nc5 26. Ngf1 Bf6 27. Qxb4 Rh4 28. Ne4 Rhxe4 29. Rg8+ Ke7 30. fxe4 Rxe4
31. Qb5) (25... Bf8 26. Nge4 (26. Ngf1 26... Qxc2 $17) 26... f5 27. f4 $1 $16)
(25... Bf6 26. Nge4 (26. Nde4 $5 26... Rh2 27. Nf5 $1) 26... Rxe4 27. Qxe4 Bh4+
28. Bf2 $1 28... Bxf2+ 29. Kxf2 Qc5+ 30. Kf1 Rh2 31. Rg2 $16) 26. f4 $1 (26.
Nxf5 Bxf5 27. Rxg7 Rh1+ 28. Nf1 28... Bh3 $19) (26. Nh5 Rxh5 27. Rxg7 27... Qc3
$1 28. Kf2 Rxe3 29. Rxd7 29... Rh2+ $1 $19) 26... Re4 (26... Rh4 27. Nxf5 $1) (
26... Qxc2 $5 27. Ngf1 $1 (27. fxe5 $2 27... Nxe5 28. Ke2 Rh2+ 29. Bf2 29...
Nd3 $19) (27. Ne2 Nc5 28. fxe5 (28. Nc4 Rd5 29. Nd6+ Kd8 30. Rxg7 Rh1+ 31. Ng1
Rxd4 32. Bxd4 32... Bd7 $1 33. Nb5 33... Nd3+ $19) 28... Nd3+ 29. Qxd3 $1 29...
Qxd3 30. Nf1 $1 (30. Nc4 Qc2 31. Rxg7 Rh1+ 32. Bg1 32... Qxa2 $17)) 27... Bf6
28. fxe5 Nxe5 29. Ke2 $1 29... Bf7 (29... Bd7 30. Qd5 $18) (29... Bc8 30. Qd6
$18) 30. Rg5 $1 $16) 27. Qd3 Nc5 28. Qe2 $13) 25. Bd4 $8 (25. Ne2 25... Nf6 $1
(25... Re5 26. Qa8+ 26... Nb8 $5 (26... Ke7 27. Qxh8 Rxe3 28. Qh4+ Nf6 29. Kf1
Qd6 30. Qg3 $16)) 26. Qd3 (26. Qf4 Be5 27. Qxb4 27... Nd5 $19) 26... Bf5 $1 27.
Qc4 Qxc4 28. bxc4 Re5 29. Bf4 29... Re6 $17) 25... Nf6 $5 (25... Rh3 $6 26. Ne2
26... Nf6 $2 27. Bxf6 Bxf6 28. Rg8+ $18) (25... Rg5 $6 26. Qa8+ Nb8 27. Bxh8
Rxg3 28. Rh1 $1 $16) (25... Rg8 26. Kf2 (26. f4 26... Rd5 $5 $132) 26... Rag5 (
26... Rh5 $6 27. Ndf1) 27. Ndf1 $1 (27. f4 27... Rg4 $40) 27... Nf6 28. Bxf6
Bxf6 29. Qxb4 Qa7+ 30. Kg2 $1 $16 (30. Ne3 Rxg3 31. Rxg3 Rxg3 32. Kxg3 Qxe3 33.
Qb8+ $18)) 26. Bxf6 (26. Qe3 Nd5 27. Qe4 Bxd4 28. Qxd4 28... Qc3 $17) 26...
Bxf6 27. Nc4 27... Rh4 $6 (27... Rg5 $2 28. f4 Rc5 29. f5 $1 $18) (27... Rc5 $1
28. Nf5 $5 28... Kf8 $1 29. Qa8+ (29. Nfd6 29... Qa7 $5 $36) 29... Bc8 30. Nfd6
30... Rh2 $1 $36) 28. Qe3 Rxc4 29. bxc4 29... Bh4 $1 (29... Qxc4 $6 30. Ne4 $1
30... Bh4+ 31. Kd2 Rd5+ 32. Kc1 Qxa2 33. Rxd5 Qxd5 34. Rg8+ Ke7 35. Qf4 $1 $18)
30. Kf2 (30. f4 Qxc4 31. Rh1 Bxg3+ (31... Rh5 32. Rxh4 Rxh4 33. f5 $18) 32.
Qxg3 Qe4+ 33. Kd2 33... Qd4+ $11) 30... Qxc4 (30... Rc5 $5 31. Rd4 Rxc4 32.
Rxc4 Qxc4 33. Rd1 $11) 31. Qd4 $6 (31. Rd2 Qc5 32. Re1 $1 $11) 31... Qxc2+ 32.
Rd2 (32. Ke3 $6 32... Qc3+ 33. Qxc3 bxc3 34. Ne4 34... Bxa2 $17 35. Rh1 $2
35... c2 36. Rc1 36... Bb1 $1 $19) 32... Qc5 33. Rh1 Qxd4+ 34. Rxd4 Bxg3+ 35.
Kxg3 Bxa2 36. Rxb4 Bd5 37. Rd4 37... a2 $2 (37... Ke7 38. Ra1 Kd6 39. Rd3 a2
40. Rc3 $11) (37... Kd7 $1 {Kc6-c5}) 38. Ra1 Be6 39. Rd3 Ra4 40. Kf2 Ke7 41.
Ke3 Kf6 42. Rd4 Rxd4 (42... Ra3+ 43. Kf4 Ke7 44. Ke4 $11) 43. Kxd4 Kf5 44. Kc3
Kf4 (44... Kf4 45. Kb2 Kxf3 46. Rf1+ Ke4 47. Rxf7 $1 $11) 1/2-1/2

[Event "Linares"]
[Site "Linares"]
[Date "1994.??.??"]
[Round "?"]
[White "Anand, Viswanathan"]
[Black "Kamsky, Gata"]
[Result "1-0"]
[WhiteElo "2715"]
[BlackElo "2695"]
[Annotator "Anand,V"]
[PlyCount "77"]
[EventDate "1994.??.??"]

{60/157} 1. e4 1... c5 2. Nf3 d6 3. d4 cxd4 4. Nxd4 Nf6 5. Nc3 a6 6. Be3 e5 7.
Nb3 Be6 8. f3 Be7 9. Qd2 Nbd7 10. g4 h6 (10... Nb6 {- 60/(257)}) 11. h4 b5 12.
Rg1 {N} (12. O-O-O {- 31/309}) 12... b4 (12... Nb6 $5 13. g5 hxg5 14. hxg5 Nfd7
) 13. Na4 d5 (13... a5 $5 14. g5 hxg5 15. hxg5 15... Nh5 $13) 14. g5 d4 15.
Bxd4 $1 15... Bxb3 $6 (15... Nxe4 $5 16. fxe4 Bxb3 17. axb3 exd4 18. Qxd4 hxg5
19. hxg5 Bxg5 20. Qxg7 Bh4+ 21. Ke2 Bf6 22. Qg3 $13) 16. gxf6 $1 (16. axb3 Nxe4
17. fxe4 {- 15... Ne4}) 16... Bxf6 17. axb3 exd4 18. O-O-O Ne5 19. f4 $3 (19.
Be2 $2 19... d3 $1) (19. Bg2 Bxh4 20. f4 20... O-O $1) (19. Qg2 $5 {
Ljubojevic,Lj} 19... Ng6 20. h5 Nf4 21. Qg4 Be5 22. Nc5 $14) 19... Nf3 20. Qg2
Nxg1 21. e5 O-O (21... Bxh4 22. Qxg7 Rf8 23. Qxg1 $16 {Qh1 Ke8}) 22. Bd3 $1 (
22. exf6 Qxf6 23. Qxg1 Qxf4+ 24. Kb1 24... Qxh4 $1) 22... Bxe5 $8 (22... Bxh4
$2 23. Rxg1 g5 (23... g6 $2 24. Bxg6 Kh8 25. Bh7 $1 $18) 24. Qg4 {Qh4} 24...
Kh8 25. Qf5 $18) 23. fxe5 Qxh4 24. Rxg1 Qf4+ 25. Kb1 $1 (25. Qd2 $16) 25...
Qxe5 26. Nc5 26... Ra7 $6 (26... Rfd8 27. Nd7 Qg5 28. Qh1 $1) (26... Rad8 $5
27. Nxa6 Ra8 28. Nxb4 {Nc6}) 27. Qc6 $1 27... Qe3 (27... Re8 28. Nd7 Qe3 29.
Nf6+ $18) (27... Kh8 28. Nd7 Qe3 29. Rg2 (29. Nxf8 $5 29... Qxg1+ 30. Ka2 {Qc8}
) 29... Rd8 30. Rxg7 $1 (30. Re2 Qg1+ 31. Ka2 Raxd7 32. Qxd7 $1) 30... Raxd7
31. Qf6 $18) 28. Rg2 Kh8 29. Re2 Qg1+ 30. Ka2 {Re8} 30... Raa8 31. Nd7 Rac8 (
31... Rfd8 32. Ne5 $18) (31... Rfc8 32. Qf3 $18) 32. Qf3 f5 33. Nxf8 Rc5 34.
Ng6+ $1 (34. Qxf5 $2 34... Rxf5 35. Bxf5 35... Qf1 $1 (35... g5 $2 36. Re7 $18)
(35... Kg8 36. Bg6 $1 $18) 36. Re5 g5 37. Nd7 37... Kg8 $1) 34... Qxg6 (34...
Kh7 35. Re5 $18) 35. Re1 Qf6 36. Qa8+ Kh7 37. Bc4 Rc6 38. Qg8+ Kg6 39. Rg1+ (
39. Rg1+ Kh5 40. Be2+ (40. Qe8+ g6 41. Qe2+ Kh4 42. Qh2#) 40... Kh4 41. Qd5)
1-0

[Event "Linares"]
[Site "Linares"]
[Date "1994.??.??"]
[Round "?"]
[White "Anand, Viswanathan"]
[Black "Karpov, Anatoly"]
[Result "1/2-1/2"]
[WhiteElo "2715"]
[BlackElo "2740"]
[Annotator "Karpov,An"]
[PlyCount "52"]
[EventDate "1994.??.??"]

{60/140} 1. e4 1... c6 2. d4 d5 3. Nc3 dxe4 4. Nxe4 Nd7 5. Bc4 Ngf6 6. Ng5 e6
7. Qe2 Nb6 8. Bb3 h6 9. N5f3 a5 10. a4 c5 11. Bf4 (11. Be3 Qc7 12. Ne5 Nbd5)
11... Bd6 12. Bg3 O-O 13. Ne5 {N} (13. Rd1 {- 47/194}) 13... Qe7 (13... Qc7 $5)
14. Ngf3 (14. O-O-O cxd4 15. Rxd4 (15. Ngf3 Bd7 16. Nxd7 Nbxd7 17. Bxd6 Qxd6
18. Nxd4 Qf4+ 19. Kb1 Nc5) 15... Bc5 16. Rd3 Nbd5 17. Ngf3 17... b6 $13) 14...
Nbd5 15. O-O Nh5 (15... b6 $5) 16. Rfe1 (16. Bxd5 Nxg3 17. hxg3 exd5 18. dxc5
Bxc5 19. Rfe1 Be6 20. Nd3 20... b6 $14) 16... Qc7 17. Rad1 (17. Bxd5 exd5 18.
dxc5 Nxg3 19. hxg3 Qxc5 20. Nd3 20... Qc4 $14) 17... Nxg3 18. hxg3 18... Nf6 $1
19. Nc4 (19. dxc5 Qxc5 20. Qb5 20... b6 $11) 19... Be7 20. Qe5 (20. Na3 cxd4
21. Nb5 21... Qc5 $11) 20... Qc6 21. Na3 (21. d5 $6 21... Nxd5 22. Rxd5 exd5
23. Qxe7 23... dxc4 $15) 21... Bd6 $8 22. Qe2 22... cxd4 $8 23. Nxd4 Qc5 24.
Nc4 24... Bb8 $1 $11 25. Ne5 Ra6 26. Qb5 (26. Nb5 Bxe5 27. Qxe5 Rc6 (27... Qxe5
28. Rxe5 28... Nd7 $1 $11)) 26... Qc7 1/2-1/2

[Event "Linares"]
[Site "Linares"]
[Date "1994.??.??"]
[Round "?"]
[White "Anand, Viswanathan"]
[Black "Polgar, Judit"]
[Result "1-0"]
[WhiteElo "2715"]
[BlackElo "2630"]
[Annotator "Anand,V"]
[PlyCount "78"]
[EventDate "1994.??.??"]

{60/237} 1. e4 1... c5 2. Nf3 e6 3. d4 cxd4 4. Nxd4 Nf6 5. Nc3 d6 6. Be3 a6 7.
f3 Nbd7 8. g4 h6 9. Rg1 9... b5 $1 10. h4 10... Nb6 {N} (10... g6) 11. g5 (11.
Qd2) 11... Nfd7 $1 (11... hxg5 12. hxg5 Nfd7 13. g6 $14 13... Rh2 14. gxf7+
Kxf7 15. Bf4 $1) 12. Qe2 $5 12... hxg5 (12... Nc4 13. O-O-O Nxe3 14. Qxe3 hxg5
15. hxg5 g6 16. f4 $13) 13. hxg5 g6 (13... Nc4 14. g6 $1) 14. O-O-O Nc4 15. Bf2
Bb7 16. f4 Qa5 17. Qg4 $1 {Bc4} (17. Nb3 17... Qc7 {Bg7}) 17... O-O-O $2 (17...
Rc8 18. Nb3 $5 {Polgar,J} (18. Nxe6 $2 18... Nxb2) (18. Bxc4 Rxc4 19. Nxe6 $1
19... fxe6 (19... Rxc3 20. bxc3 fxe6 21. Qxe6+ Kd8 22. Bd4) 20. Qxe6+ Kd8 21.
Bd4 $44) 18... Qc7 19. Bxc4 Qxc4 (19... bxc4 20. Nd4 {Ke8}) 20. Na5 Qc7 21.
Nxb7 Qxb7 22. Bd4 $13) 18. Bxc4 bxc4 19. Nxe6 $1 19... fxe6 20. Qxe6 Kb8 (20...
Bg7 21. Bd4 $1 21... Bxd4 22. Rxd4 Qb6 23. Rgd1 $1 23... Rh1 $4 24. Rxc4+) (
20... d5 21. Nxd5 $40) 21. Qxg6 $1 (21. Bd4 Rh4) 21... Rh3 (21... Nc5 $2 22.
Bxc5 Qxc5 23. Qf6 $1 $18) 22. Kb1 $1 (22. Bd4 22... Rxc3 $1 23. Bxc3 23... Qxa2
$132) (22. Qf5 Qxf5 23. exf5 Rf3 24. Rgf1 24... Bg7 $1 25. Ne2 (25. f6 Nxf6 26.
gxf6 26... Bxf6 $14) 25... Re8) 22... Rf3 (22... Rxc3 23. Be1 $18) 23. Bd4 Rxf4
24. Qh7 $1 {g6-g7} 24... d5 $2 (24... Nc5 $8 25. g6 Nxe4 26. g7 Bxg7 27. Rxg7
$16 {Kb8}) 25. g6 $1 25... Bc5 26. Bxc5 Nxc5 (26... Qxc5 27. g7 Nf6 28. g8=Q
Rxg8 29. Rxg8+ Nxg8 30. Qxg8+ Ka7 31. exd5 $18) 27. g7 Ka7 28. g8=Q (28. Rxd5
$18) 28... Rxg8 29. Qxg8 Nxe4 30. Nxe4 Rxe4 31. Qg7 $18 31... Qc5 32. Rge1 Rf4
33. Re7 Qb6 34. Qg5 c3 35. b3 Qb4 36. Rc7 Re4 37. Qxd5 Kb8 38. Qd8+ Ka7 39. a3
$1 39... Qxa3 (39... Qxa3 40. Rxb7+ Kxb7 41. Rd7+ Kc6 42. Qc7+ Kb5 43. Rd5+ Kb4
44. Qb6#) 1-0

[Event "Linares"]
[Site "Linares"]
[Date "1994.??.??"]
[Round "?"]
[White "Anand, Viswanathan"]
[Black "Topalov, Veselin"]
[Result "0-1"]
[WhiteElo "2715"]
[BlackElo "2640"]
[Annotator "Topalov,V"]
[PlyCount "84"]
[EventDate "1994.??.??"]

{60/229} 1. e4 1... c5 2. Nf3 d6 3. d4 cxd4 4. Nxd4 Nf6 5. Nc3 g6 6. Be2 Bg7 7.
O-O O-O 8. Bg5 a6 9. a4 (9. Re1 $5 9... b5 10. Bf3 Ra7 11. Qd2 {a4}) 9... Nc6
10. Nb3 Be6 11. Kh1 (11. f4 11... b5 $5) 11... Rc8 12. f4 Na5 13. Nxa5 Qxa5 14.
Bd3 14... Rfe8 {N} (14... Bc4 {- 51/(210)}) 15. Qe2 (15. f5 $142) 15... Qb4 16.
a5 $6 (16. f5 Bc4 17. Bd2) 16... Bg4 $1 17. Qd2 (17. Qe1 Bd7 (17... Qxb2 18.
Bxf6 Bxf6 19. Nd5 $36) 18. Bxf6 Bxf6 19. Nd5 Qxe1 20. Nxf6+ exf6 21. Rfxe1
21... Re7 {Bc6, Rce8}) 17... Bd7 18. Qe2 $2 (18. Ra3 18... Bc6 {Nd7}) 18...
Qxb2 19. Bxf6 Bxf6 20. Nd5 Bb5 (20... Qxa1 $5 21. Rxa1 Bxa1) 21. Bxb5 Qxb5 22.
Qxb5 axb5 23. Rab1 Rc5 24. Rfd1 Kg7 25. Nb6 (25. g4 g5 26. Nxf6 26... exf6 $1)
25... Rxc2 26. Rxb5 Re2 27. Nd5 Rxe4 28. Rxb7 Ra8 29. g4 Rxa5 30. g5 30... Ba1
$1 31. Nxe7 (31. Rxe7 31... Rxd5 $1) 31... Rxf4 32. Nc6 32... Ra8 $1 (32... Ra2
33. Nd8) 33. Rxd6 Ra2 34. Rd1 Rff2 35. Nd8 Kg8 36. Rb8 36... h5 $1 (36... Be5
$4 37. Ne6+ Bxb8 38. Rd8#) 37. gxh6 Be5 38. Rb7 Rxh2+ 39. Kg1 Rhg2+ 40. Kh1
Rh2+ 41. Kg1 Rhg2+ 42. Kh1 Rg4 0-1

[Event "Linares"]
[Site "Linares"]
[Date "1994.??.??"]
[Round "?"]
[White "Bareev, Evgeny"]
[Black "Beliavsky, Alexander G"]
[Result "1-0"]
[WhiteElo "2685"]
[BlackElo "2650"]
[Annotator "Bareev,E"]
[PlyCount "163"]
[EventDate "1994.??.??"]

{60/508} 1. d4 1... Nf6 2. c4 e6 3. Nc3 Bb4 4. Qc2 d5 5. cxd5 Qxd5 6. Nf3 Qf5
7. Qb3 c5 8. a3 8... Bxc3+ {N} (8... Ba5 {- 59/590}) 9. Qxc3 Nbd7 10. g3 Ne4
11. Qe3 11... b6 $1 (11... Ndf6 12. Bg2 Ng4 13. Qb3 Ngxf2 14. Rf1 $18) 12. dxc5
$5 (12. Bg2 Bb7 13. Nd2 13... Ndf6 $11) 12... Ndxc5 (12... bxc5 13. Bg2 Bb7 14.
O-O O-O 15. b4 $13) 13. b4 Na4 14. Bh3 $5 (14. Bg2 Bb7 15. Nd2 15... Nd6 $11)
14... Qd5 $8 (14... Qxh3 15. Qxe4 Rb8 16. Bf4 Bb7 17. Qc2 $18) 15. Bg2 Bb7 16.
Nd2 $1 (16. Ng5 O-O-O 17. O-O Qxg5 18. Qxg5 Nxg5 19. Bxg5 f6 20. Rac1+ Kb8 21.
Be3 Bxg2 22. Kxg2 22... Rd6 $15) 16... f5 17. Nxe4 fxe4 18. O-O O-O (18... Rc8
19. Bd2 O-O 20. Rfc1 $11) 19. Rb1 $1 19... Rac8 20. Bb2 Nxb2 (20... Rfd8 21.
Ba1 $16) 21. Rxb2 Rfd8 22. Rb3 $1 22... Qd4 (22... Rc4 $6 23. Rd3 Rd4 24. Rc3
Rc4 25. Rxc4 Qxc4 26. Rc1 $14) (22... h6 $5 23. Rd3 Qe5 24. Rxd8+ Rxd8 25. Rc1
$14) (22... Qe5 23. f3 Rf8 (23... Bd5 24. Rd3 Bc4 25. Rxd8+ Rxd8 26. fxe4 Qd4
27. Kf2 $14) 24. fxe4 Rxf1+ 25. Kxf1 Rf8+ 26. Bf3 26... Qxe4 $11) 23. Bh3 23...
Qd6 $2 (23... Qf6 24. f3 Qe5 25. fxe4 Bxe4 26. Bg2 Rc4 27. Rd3 Rdc8 28. Rfd1
$14) (23... Qe5 $11) 24. Rbb1 Bd5 25. Rbd1 Rc4 (25... Qe5 26. Rd4 {Bg2}) 26.
Qg5 $1 (26. Rd2 26... Qe5 $11) 26... Rd7 (26... h6 $2 27. Bxe6+ $18) (26...
Rcc8 27. Rd4 h6 28. Qe3 $16) 27. Rd2 $2 (27. Rxd5 $1 27... exd5 28. Bxd7 Qxd7
29. Rd1 d4 30. Qe5 d3 31. exd3 Rd4 (31... exd3 32. Rxd3 $18) 32. Rc1 exd3 33.
Rc7 (33. Qb8+ $2 33... Kf7 34. Rc7 $2 34... d2 $19) 33... Qxc7 (33... d2 34.
Rxd7 $18) 34. Qe8#) 27... h6 28. Qh5 (28. Qg6 Re7 29. Bf5 Qe5 30. Qh7+ Kf7 31.
Bg6+ Kf6 32. h4 $13) 28... Qe7 29. Qe5 (29. Rfd1 Rdc7 30. Rxd5 exd5 31. Qxd5+
31... Kh7 $1 (31... Kh8 32. Bf5 Rc1 (32... Qf8 33. Qd8 Rf7 34. Be6 $18) 33.
Rxc1 Rxc1+ 34. Kg2 Qf8 35. Bxe4 $16) 32. e3 $11) 29... Kh8 (29... Rdc7) 30.
Rfd1 Rdc7 31. Bg2 (31. Rxd5 exd5 32. Qxd5 Rc1 33. Rxc1 Rxc1+ 34. Kg2 $11) 31...
Qf6 32. Qh5 (32. Rxd5 exd5 33. Qxd5 e3 (33... Qe7 $11) 34. fxe3 $11) 32... Rc1
33. e3 (33. h4 Rxd1+ 34. Rxd1 Rc2 35. Rxd5 exd5 36. Qxd5 Rc1+ 37. Kh2 Qxf2 38.
Qa8+ Kh7 39. Qxe4+ $11) 33... Rxd1+ 34. Qxd1 Qc3 (34... Qe5 $11 {Rc3}) 35. h4
$1 35... Qxa3 $6 (35... Qe5 $1 $11) 36. Rxd5 $1 36... Rc1 $6 (36... exd5 37.
Qxd5 Qc1+ 38. Kh2 Qc4 (38... Qc6 $2 39. Qd8+ Kh7 40. b5 $18) 39. Qd8+ Kh7 40.
Qe8 (40. Bxe4+ Qxe4 41. Qxc7 Qxb4 42. Qxa7 42... b5 $11) 40... Qf7 41. Qxe4+
$13) 37. Rd8+ Kh7 38. Bxe4+ g6 39. h5 $16 39... Rxd1+ 40. Rxd1 Qxb4 41. Bxg6+
$1 41... Kg7 42. Rd7+ Kf6 43. Rxa7 {Q 5/i} 43... Qd2 $1 (43... b5 44. Rh7 Qf8
45. Rf7+ Qxf7 46. Bxf7 Kxf7 47. Kf1 $18) 44. Rh7 (44. Rf7+ Ke5 45. Rf4 b5 46.
g4 b4 47. g5 hxg5 48. Rd4 Qe1+ 49. Kg2 Kf6) 44... Qd1+ 45. Kg2 Qd5+ 46. Kg1
Qd1+ 47. Kg2 Qd5+ 48. Kh2 Qd2 49. Kh3 e5 (49... Qd1 50. Kh4 $1) 50. Be8 (50.
Rb7 b5) (50. Kg2 Qd5+ 51. e4 Qd2 52. Rf7+ Ke6 53. Rb7 Qb2 54. Bf5+ Kf6 (54...
Kd6 55. Rd7+ Kc5 56. Rd5+ Kc6 57. g4 $18) 55. Rh7 Qd2 56. Rd7 56... Qb4 $11)
50... Qc2 (50... b5 51. Rxh6+ Ke7 52. Bxb5 Qxf2 53. e4 $18) 51. Bg6 (51. Rxh6+
Ke7 52. Bb5 Qxf2 53. e4) 51... Qd1 52. Kg2 (52. Kh4 $1 52... Qh1+ 53. Kg4 Qd1+
54. f3 Qd2 55. Rxh6 Qxe3 56. Rh7 Qg5+ 57. Kh3 Qc1 58. Rf7+ $18) 52... Qd5+ 53.
Kh2 Qd2 54. Kg2 Qd5+ 55. e4 $2 55... Qd2 $11 56. Rb7 Qd4 (56... Qb2 57. Be8
57... Qd4 $11) 57. Bf5 Qc5 58. Rh7 Qc1 59. Rh8 59... Ke7 $2 (59... b5 $11) 60.
Rc8 Qd2 61. Rc7+ (61. Rc6 b5 62. Re6+ Kf8 63. Rxe5 b4 64. Rb5 64... Qc3 $14)
61... Kf8 62. Rd7 62... Qg5 $1 (62... Qb4 63. g4 $18) (62... Qc1 63. Rd6 b5 64.
Rb6 $18) 63. Rd6 b5 (63... Qxh5 64. Rxb6 Qd1 65. Rxh6 Qd4 66. g4 Qd2 67. Rh5
Kg7 68. g5 Kf7 69. g6+ Kg8 70. Rh7 Qd6 71. Kg3 Qd3+ 72. Kh4 Qd6 73. Rd7 $18 {
Beliavsky,A}) 64. g4 $2 (64. Rb6 Qxh5 65. Rxb5 Qe8 66. Rb6 h5 67. Rh6 (67. Rb7
Qa4 68. Rh7 Qd1 69. Bg6 69... Qg4 $13) 67... Kg7 68. Rh7+ Kg8 69. Kh3 69... Qb5
$13) 64... Kf7 $1 $11 65. Rb6 Qd2 66. Rxb5 Kf6 67. Rb6+ 67... Kg5 $4 (67... Kf7
68. Rg6 Qf4 69. g5 hxg5 70. h6 g4 71. h7 Qf3+ 72. Kg1 Qd1+ 73. Kh2 Qf3 74.
h8=N+ Ke7 75. Rxg4 Qxf2+ 76. Kh3 76... Qf3+ $11) 68. Rg6+ Kf4 (68... Kh4 69. g5
$18) 69. Rxh6 Qd1 70. Rf6 $18 70... Qf3+ 71. Kg1 Kg5 72. Rd6 (72. Rf7 $1) 72...
Qa3 (72... Qg3+ 73. Kf1 $1) 73. Rd7 Qb3 74. Kg2 Qc3 75. Rd8 (75. Rd1 Kf4) 75...
Qa3 76. Rd1 Kf4 (76... Qc3 77. Rh1) 77. Re1 Qd6 78. Rh1 Qh6 79. Rh3 Kg5 80. Rf3
Qc6 81. Rh3 Qh6 82. Kf3 {82... Kf6 83. g5} 1-0